000 01608nam0a2200337 4500
001 RU\NLR\bibl\1263928
005 20250615132023.0
010 _a978-5-9221-0940-6
_9400
021 _aRU
_b2008-48808
_92699
035 _a(NLR Aleph) 001249892
090 _a312310
_c312310
100 _a20080820d2007 |||y0rusy50 ca
101 0 _arus
102 _aRU
105 _aa |||||||||
200 1 _aАрифметические методы синтеза быстрых алгоритмов дискретных ортогональных преобразований
_fВ.М. Чернов
210 _aМосква
_cФИЗМАТЛИТ
_d2007
215 _a261 с.
_cил.
_d22
225 1 _aМатематика
_iПрикладная математика
313 _aЦифровая обработка сигналов
320 _aБиблиогр. в конце гл.
606 1 _aЭлектрические сигналы
_jУчебные издания для высших учебных заведений
_xЦифровая обработка
_xМатематические основы
_92351566
_3RU\NLR\auth\661404868
606 1 _aОртогональные преобразования дискретные
_jУчебные издания для высших учебных заведений
_92078393
_3RU\NLR\auth\661254246
686 _aЗ811.3я73-1
700 1 _aЧернов
_bВ. М.
_gВладимир Михайлович
_4070
801 0 _aRU
_bNLR
_c20080820
_gRCR
801 1 _aRU
_bNLR
_c20080820
830 _aавт. по кн.
942 _cBOOK
980 _aNB